[Event "Twente Young Master op-D"]
[Site "Twente"]
[Date "2007.08.10"]
[Round "11"]
[White "Ritterfeld, Sten"]
[Black "Robertson, Olivier"]
[Result "1-0"]
[WhiteElo "1073"]
[BlackElo "742"]
[PlyCount "69"]
[EventDate "2007.08.06"]
[EventType "swiss"]
[EventRounds "13"]
[EventCountry "NED"]
[SourceTitle "EXT 2008"]
[Source "ChessBase"]
[SourceDate "2007.11.25"]
[SourceVersion "1"]
[SourceVersionDate "2007.11.25"]
[SourceQuality "1"]

1. d4 e6 2. c4 c5 3. Nf3 g6 4. Ng5 Qe7 5. Ne4 d6 6. Bg5 Qc7 7. Nf6+ Nxf6 8. Bxf6 Nc6 9. Bxh8 cxd4 10. Bxd4 Nxd4 11. Qxd4 b6 12. Qe4 Bb7 13. Qc2 0-0-0 14. e4 d5 15. Bd3 b5 16. b3 bxc4 17. bxc4 dxe4 18. Bxe4 Qe5 19. Nc3 Bb4 20. 0-0 Bxe4 21. Nxe4 Rd4 22. Rab1 Ba5 23. Rb5 Qc7 24. Rc5 Rxe4 25. Rxc7+ Bxc7 26. Qxe4 f5 27. Qc6 a5 28. Rd1 Kb8 29. Rb1+ Kc8 30. Qxe6+ Kd8 31. Rd1+ Bd6 32. Qxd6+ Kc8 33. Qd7+ Kb8 34. Re1 Ka8 35. Re8# 1-0

[Event "Twente Young Master op-D"]
[Site "Twente"]
[Date "2007.08.07"]
[Round "2"]
[White "Vancleef, Arne"]
[Black "Robertson, Olivier"]
[Result "1-0"]
[WhiteElo "1121"]
[BlackElo "742"]
[PlyCount "57"]
[EventDate "2007.08.06"]
[EventType "swiss"]
[EventRounds "13"]
[EventCountry "NED"]
[SourceTitle "EXT 2008"]
[Source "ChessBase"]
[SourceDate "2007.11.25"]
[SourceVersion "1"]
[SourceVersionDate "2007.11.25"]
[SourceQuality "1"]

1. d4 c5 2. e3 cxd4 3. exd4 d5 4. Nf3 Nf6 5. Bd3 Nc6 6. 0-0 Bg4 7. Nbd2 e6 8. Qe1 Bb4 9. c3 Ba5 10. Ne5 Qd6 11. Qe3 0-0 12. Qf4 Bc7 13. Re1 Rfe8 14. Ndf3 Rad8 15. Qg3 h6 16. Bf4 Qe7 17. Nxg4 Nxg4 18. Qxg4 Bxf4 19. Qxf4 Rd6 20. Ne5 Rf8 21. Re3 Qc7 22. Rg3 f6 23. Qxh6 fxe5 24. Qh7+ Kf7 25. Rxg7+ Ke8 26. Rxc7 exd4 27. Rc8+ Rd8 28. Bg6+ Rf7 29. Qxf7# 1-0